02376nam a2200397Ia 4500001001200000003000800012006001900020007001500039008004100054040002100095035002100116043002100137050002700158082002100185245043600206260005800642300002400700500015400724533015200878650006401030650006401094650003801158650003801196651005101234651005801285655002901343700002401372700001901396700002501415710011001440710009001550710006601640710001701706711012901723856012601852ebr10384030CaPaEBRm u cr cn|||||||||111115s2010 dcua s 100 0 eng  aCaPaEBRcCaPaEBR a(OCoLC)648000649 aa-ii---aa-cc---14aHC430.T4bD73 2010ebeb04a338/.064095122204aThe Dragon and the Elephanth[electronic resource] :bUnderstanding the Development of Innovation Capacity in China and India : summary of a conference /cStephen Merrill, David Taylor, and Robert Poole [i.e. Pool], rapporteurs ; Committee on the Competitiveness and Workforce Needs of U.S. Industry, Board on Science, Technology, and Economic Policy, Policy and Global Affairs, National Research Council of the National Academies. aWashington, D.C. :bNational Academies Press,cc2010. axiii, 64 p. :bill. a"Symposium focusing specifically on the role that ... [China and India] are beginning and likely to play in the globalization of innovation."--P. ix. aElectronic reproduction.bPalo Alto, Calif. :cebrary,d2013.nAvailable via World Wide Web.nAccess may be limited to ebrary affiliated libraries. 0aTechnological innovationszChinay21st centuryvCongresses. 0aTechnological innovationszIndiay21st centuryvCongresses. 0aGlobalizationzChinavCongresses. 0aGlobalizationzIndiavCongresses. 0aChinaxEconomic conditionsy2000-vCongresses. 0aIndiaxEconomic conditionsy21st centuryvCongresses. 7aElectronic books.2local1 aMerrill, Stephen A.1 aTaylor, David.1 aPool, Robert,d1955-2 aNational Research Council (U.S.).bCommittee on the Competitiveness and Workforce Needs of U.S. Industry.2 aNational Research Council (U.S.).bBoard on Science, Technology, and Economic Policy.2 aNational Research Council (U.S.).bPolicy and Global Affairs.2 aebrary, Inc.2 aDragon and the Elephant: Understanding the Development of Innovation Capacity in China and Indiad(2007 :cWashington, D.C.)40uhttp://site.ebrary.com/lib/rucke/Doc?id=10384030zAn electronic book accessible through the World Wide Web; click to view